000 00869 a2200241 4500
005 20081010104736.0
008 081010t xxu||||| |||| 00| 0 eng d
010 _aUr-7268
020 _c120.00
035 _aU-5825
037 _bD.B.Act/pub
082 _a841
100 _aعا ر ف آ عظمی
245 _aر دا ۓ سخن
_cعا رف آعظمی
246 _aRida-E-Sukhan
_bby Arif Azmi
260 _aممبئ
_bفا ران پبليشر ز
_c2006
270 _aمر کز مسجد پا يّپ روڈ کر لا ممبئ
_bميمبئ
_e70
_k9322717887
300 _a176ص
_b22 سينٹی ميٹر
650 _aشا عر ی
700 _aعا ر ف آ عظمی
942 _adpl
_cUR
_2ddc
_h841
_mع ا ر
999 _c1522
_d1522